<?xml version="1.0" encoding="UTF-8"?>
<record
    xmlns:xsi="http://www.w3.org/2001/XMLSchema-instance"
    xsi:schemaLocation="http://www.loc.gov/MARC21/slim http://www.loc.gov/standards/marcxml/schema/MARC21slim.xsd"
    xmlns="http://www.loc.gov/MARC21/slim">

  <leader>00465nam a2200193Ia 4500</leader>
  <controlfield tag="003">IIN</controlfield>
  <controlfield tag="005">20240125151819.0</controlfield>
  <controlfield tag="008">231217s9999    xx            000 0 und d</controlfield>
  <datafield tag="020" ind1=" " ind2=" ">
    <subfield code="c">Free </subfield>
    <subfield code="a">9789354658945</subfield>
  </datafield>
  <datafield tag="040" ind1=" " ind2=" ">
    <subfield code="a">IIN</subfield>
    <subfield code="b">English</subfield>
  </datafield>
  <datafield tag="082" ind1=" " ind2=" ">
    <subfield code="a">616.07  </subfield>
    <subfield code="b">MOH</subfield>
  </datafield>
  <datafield tag="100" ind1="1" ind2=" ">
    <subfield code="a">Mohan, Harsh </subfield>
  </datafield>
  <datafield tag="245" ind1="1" ind2=" ">
    <subfield code="a">Pathology Quick Review</subfield>
    <subfield code="c">Harsh Mohan</subfield>
  </datafield>
  <datafield tag="250" ind1=" " ind2=" ">
    <subfield code="a">6th ed</subfield>
  </datafield>
  <datafield tag="260" ind1=" " ind2=" ">
    <subfield code="b">Jaypee</subfield>
    <subfield code="a">New Delhi</subfield>
    <subfield code="c">2023</subfield>
  </datafield>
  <datafield tag="300" ind1=" " ind2=" ">
    <subfield code="a">xiv,268p.</subfield>
  </datafield>
  <datafield tag="650" ind1="1" ind2=" ">
    <subfield code="a">Pathology</subfield>
  </datafield>
  <datafield tag="942" ind1=" " ind2=" ">
    <subfield code="c">BOOK</subfield>
  </datafield>
  <datafield tag="952" ind1=" " ind2=" ">
    <subfield code="0">0</subfield>
    <subfield code="1">0</subfield>
    <subfield code="4">0</subfield>
    <subfield code="7">0</subfield>
    <subfield code="8">Purches Book</subfield>
    <subfield code="a">IIN</subfield>
    <subfield code="b">IIN</subfield>
    <subfield code="d">2023-12-17</subfield>
    <subfield code="l">0</subfield>
    <subfield code="o">616.07   MOH</subfield>
    <subfield code="p">1368</subfield>
    <subfield code="r">2023-12-17 21:32:37</subfield>
    <subfield code="w">2023-12-17</subfield>
    <subfield code="y">BOOK</subfield>
  </datafield>
  <datafield tag="952" ind1=" " ind2=" ">
    <subfield code="0">0</subfield>
    <subfield code="1">0</subfield>
    <subfield code="4">0</subfield>
    <subfield code="7">0</subfield>
    <subfield code="8">Purches Book</subfield>
    <subfield code="a">IIN</subfield>
    <subfield code="b">IIN</subfield>
    <subfield code="d">2023-12-17</subfield>
    <subfield code="l">0</subfield>
    <subfield code="o">616.07   MOH</subfield>
    <subfield code="p">1369</subfield>
    <subfield code="r">2023-12-17 21:32:37</subfield>
    <subfield code="w">2023-12-17</subfield>
    <subfield code="y">BOOK</subfield>
  </datafield>
  <datafield tag="952" ind1=" " ind2=" ">
    <subfield code="0">0</subfield>
    <subfield code="1">0</subfield>
    <subfield code="4">0</subfield>
    <subfield code="7">0</subfield>
    <subfield code="8">Purches Book</subfield>
    <subfield code="a">IIN</subfield>
    <subfield code="b">IIN</subfield>
    <subfield code="d">2023-12-17</subfield>
    <subfield code="l">0</subfield>
    <subfield code="o">616.07   MOH</subfield>
    <subfield code="p">1370</subfield>
    <subfield code="r">2023-12-17 21:32:37</subfield>
    <subfield code="w">2023-12-17</subfield>
    <subfield code="y">BOOK</subfield>
  </datafield>
  <datafield tag="999" ind1=" " ind2=" ">
    <subfield code="c">1374</subfield>
    <subfield code="d">1374</subfield>
  </datafield>
</record>
